[Event "Grand Swiss - Femmes"]
[Date "2025.09.15"]
[White "Assaubayeva, Bibisara"]
[Black "Muzychuk, Anna"]
[WhiteElo "2505"]
[BlackElo "2535"]
[Round "11.11.4"]
[Result "1/2-1/2"]

1. e4 {[%clk 01:30:55] [%emt 00:00:04]} e5 {[%clk 01:30:54] [%emt 00:00:07]} 2.
Nf3 {[%clk 01:31:19] [%emt 00:00:05]} Nc6 {[%clk 01:31:18] [%emt 00:00:06]} 3.
Bc4 {[%clk 01:31:45] [%emt 00:00:04]} Bc5 {[%clk 01:31:35] [%emt 00:00:14]} 4.
c3 {[%clk 01:32:09] [%emt 00:00:06]} Nf6 {[%clk 01:31:55] [%emt 00:00:10]} 5. d3
{[%clk 01:32:33] [%emt 00:00:05]} d6 {[%clk 01:31:52] [%emt 00:00:34]} 6. b4
{[%clk 01:32:46] [%emt 00:00:17]} Bb6 {[%clk 01:32:15] [%emt 00:00:07]} 7. a4
{[%clk 01:33:13] [%emt 00:00:03]} a5 {[%clk 01:31:22] [%emt 00:01:24]} 8. b5
{[%clk 01:33:25] [%emt 00:00:18]} Ne7 {[%clk 01:31:47] [%emt 00:00:05]} 9. Nbd2
{[%clk 01:33:52] [%emt 00:00:03]} O-O {[%clk 01:30:15] [%emt 00:02:02]} 10. O-O
{[%clk 01:32:30] [%emt 00:01:52]} Bg4 {[%clk 01:21:00] [%emt 00:09:45]} 11. h3
{[%clk 01:31:49] [%emt 00:01:10]} Bh5 {[%clk 01:21:25] [%emt 00:00:06]} 12. Bb3
{[%clk 01:22:17] [%emt 00:10:02]} c6 {[%clk 01:19:08] [%emt 00:02:47]} 13. Nc4
{[%clk 01:17:37] [%emt 00:05:10]} Bc7 {[%clk 01:19:11] [%emt 00:00:27]} 14. Bg5
{[%clk 01:16:47] [%emt 00:01:19]} Nd7 {[%clk 01:13:09] [%emt 00:06:33]} 15. d4
{[%clk 01:08:47] [%emt 00:08:29]} h6 {[%clk 01:06:16] [%emt 00:07:24]} 16. Bh4
{[%clk 01:05:56] [%emt 00:03:20]} exd4 {[%clk 01:00:04] [%emt 00:06:42]} 17.
cxd4 {[%clk 01:04:54] [%emt 00:01:32]} g5 {[%clk 00:59:23] [%emt 00:01:11]} 18.
Bg3 {[%clk 01:04:53] [%emt 00:00:31]} d5 {[%clk 00:59:44] [%emt 00:00:10]} 19.
exd5 {[%clk 00:57:10] [%emt 00:08:12]} cxd5 {[%clk 00:57:32] [%emt 00:02:42]}
20. Ne3 {[%clk 00:54:59] [%emt 00:02:41]} Nb6 {[%clk 00:50:26] [%emt 00:07:36]}
21. Rc1 {[%clk 00:50:47] [%emt 00:04:42]} Rc8 {[%clk 00:44:15] [%emt 00:06:41]}
22. Bxc7 {[%clk 00:47:32] [%emt 00:03:45]} Rxc7 {[%clk 00:44:45] [%emt
00:00:01]} 23. Ng4 {[%clk 00:47:04] [%emt 00:00:58]} Bxg4 {[%clk 00:44:41] [%emt
00:00:33]} 24. hxg4 {[%clk 00:47:26] [%emt 00:00:08]} Ng6 {[%clk 00:34:29] [%emt
00:10:43]} 25. Rc5 {[%clk 00:36:24] [%emt 00:11:31]} Nf4 {[%clk 00:32:05] [%emt
00:02:54]} 26. g3 {[%clk 00:34:28] [%emt 00:02:26]} Ne6 {[%clk 00:31:47] [%emt
00:00:47]} 27. Rxc7 {[%clk 00:32:18] [%emt 00:02:40]} Qxc7 {[%clk 00:32:04]
[%emt 00:00:13]} 28. Qd2 {[%clk 00:32:07] [%emt 00:00:41]} Nc4 {[%clk 00:30:58]
[%emt 00:01:37]} 29. Qd3 {[%clk 00:32:15] [%emt 00:00:21]} Ng7 {[%clk 00:22:14]
[%emt 00:09:15]} 30. Rc1 {[%clk 00:26:14] [%emt 00:06:31]} Qd7 {[%clk 00:21:32]
[%emt 00:01:12]} 31. Bc2 {[%clk 00:21:09] [%emt 00:05:35]} f5 {[%clk 00:21:44]
[%emt 00:00:18]} 32. Ne5 {[%clk 00:21:21] [%emt 00:00:18]} Qc7 {[%clk 00:15:48]
[%emt 00:06:26]} 33. Nxc4 {[%clk 00:14:33] [%emt 00:07:18]} Qxc4 {[%clk
00:15:47] [%emt 00:00:32]} 34. Qxc4 {[%clk 00:13:59] [%emt 00:01:04]} dxc4
{[%clk 00:16:16] [%emt 00:00:01]} 35. gxf5 {[%clk 00:14:07] [%emt 00:00:21]} Ne8
{[%clk 00:14:20] [%emt 00:02:26]} 36. Be4 {[%clk 00:08:19] [%emt 00:06:17]} Nd6
{[%clk 00:14:42] [%emt 00:00:08]} 37. Bd5+ {[%clk 00:06:29] [%emt 00:02:20]} Kg7
{[%clk 00:14:10] [%emt 00:01:02]} 38. g4 {[%clk 00:04:54] [%emt 00:02:06]} b6
{[%clk 00:11:50] [%emt 00:02:50]} 39. Kg2 {[%clk 00:03:29] [%emt 00:01:54]} Re8
{[%clk 00:06:04] [%emt 00:06:16]} 40. Be6 {[%clk 00:03:16] [%emt 00:00:43]} Re7
{[%clk 00:05:12] [%emt 00:01:22]} 41. Kf3 {[%clk 00:26:32] [%emt 00:07:14]} Rc7
{[%clk 00:34:11] [%emt 00:01:32]} 42. Ke3 {[%clk 00:26:23] [%emt 00:00:39]} Kf6
{[%clk 00:33:05] [%emt 00:01:36]} 43. Rh1 {[%clk 00:25:53] [%emt 00:01:00]} Kg7
{[%clk 00:30:32] [%emt 00:03:04]} 44. f3 {[%clk 00:25:56] [%emt 00:00:27]} c3
{[%clk 00:26:19] [%emt 00:04:43]} 45. Kd3 {[%clk 00:25:36] [%emt 00:00:49]} c2
{[%clk 00:26:30] [%emt 00:00:20]} 46. Rc1 {[%clk 00:25:57] [%emt 00:00:08]} Kf6
{[%clk 00:26:53] [%emt 00:00:08]} 47. Rxc2 {[%clk 00:25:15] [%emt 00:01:12]}
Rxc2 {[%clk 00:27:17] [%emt 00:00:05]} 48. Kxc2 {[%clk 00:25:42] [%emt
00:00:03]} Ke7 {[%clk 00:24:32] [%emt 00:03:15]} 49. Kd3 {[%clk 00:18:02] [%emt
00:08:10]} Ne8 {[%clk 00:22:03] [%emt 00:02:59]} 50. Ke4 {[%clk 00:07:42] [%emt
00:10:50]} Kd6 {[%clk 00:22:26] [%emt 00:00:08]} 51. Bc4 {[%clk 00:06:38] [%emt
00:01:34]} Nf6+ {[%clk 00:22:48] [%emt 00:00:08]} 52. Ke3 {[%clk 00:07:03] [%emt
00:00:05]} Ke7 {[%clk 00:19:56] [%emt 00:03:22]} 53. d5 {[%clk 00:07:03] [%emt
00:00:30]} Kd6 {[%clk 00:20:04] [%emt 00:00:22]} 54. Kd4 {[%clk 00:07:28] [%emt
00:00:05]} Nd7 {[%clk 00:20:17] [%emt 00:00:17]} 55. Be2 {[%clk 00:07:29] [%emt
00:00:28]} Nf6 {[%clk 00:20:30] [%emt 00:00:18]} 56. Bc4 {[%clk 00:07:54] [%emt
00:00:06]} Nd7 {[%clk 00:20:56] [%emt 00:00:04]} 1/2-1/2

[Site "Europe Echecs"]

[Event "Grand Swiss - Femmes"]
[Date "2025.09.15"]
[White "Ushenina, Anna"]
[Black "Kaliakhmet, Elnaz"]
[WhiteElo "2409"]
[BlackElo "2299"]
[Round "11.11.16"]
[Result "1-0"]

1. d4 {[%clk 01:30:57] [%emt 00:00:02]} d5 {[%clk 01:30:51] [%emt 00:00:10]} 2.
c4 {[%clk 01:31:07] [%emt 00:00:20]} e6 {[%clk 01:31:17] [%emt 00:00:03]} 3. Nc3
{[%clk 01:31:29] [%emt 00:00:07]} a6 {[%clk 01:31:41] [%emt 00:00:06]} 4. cxd5
{[%clk 01:31:35] [%emt 00:00:24]} exd5 {[%clk 01:32:07] [%emt 00:00:05]} 5. Qb3
{[%clk 01:31:47] [%emt 00:00:15]} c5 {[%clk 01:32:32] [%emt 00:00:08]} 6. Qxd5
{[%clk 01:31:44] [%emt 00:00:33]} cxd4 {[%clk 01:32:55] [%emt 00:00:07]} 7.
Qxd8+ {[%clk 01:32:10] [%emt 00:00:03]} Kxd8 {[%clk 01:33:24] [%emt 00:00:01]}
8. Nd5 {[%clk 01:32:23] [%emt 00:00:16]} Be6 {[%clk 01:33:44] [%emt 00:00:10]}
9. Nf4 {[%clk 01:32:16] [%emt 00:00:37]} Bb4+ {[%clk 01:34:06] [%emt 00:00:08]}
10. Bd2 {[%clk 01:32:24] [%emt 00:00:22]} Bxd2+ {[%clk 01:34:32] [%emt
00:00:05]} 11. Kxd2 {[%clk 01:32:51] [%emt 00:00:02]} Nc6 {[%clk 01:34:56] [%emt
00:00:06]} 12. g3 {[%clk 01:32:36] [%emt 00:00:45]} Nf6 {[%clk 01:35:17] [%emt
00:00:10]} 13. Bg2 {[%clk 01:32:44] [%emt 00:00:20]} Re8 {[%clk 01:35:40] [%emt
00:00:08]} 14. Ngh3 {[%clk 01:32:29] [%emt 00:00:45]} h6 {[%clk 01:33:49] [%emt
00:02:22]} 15. Rhc1 {[%clk 01:27:51] [%emt 00:05:08]} Kc7 {[%clk 01:26:35] [%emt
00:07:44]} 16. Nd3 {[%clk 00:56:06] [%emt 00:32:14]} Bd5 {[%clk 01:21:51] [%emt
00:05:14]} 17. Bxd5 {[%clk 00:53:09] [%emt 00:03:27]} Nxd5 {[%clk 01:22:16]
[%emt 00:00:06]} 18. Nhf4 {[%clk 00:52:42] [%emt 00:00:56]} Rad8 {[%clk
01:05:26] [%emt 00:17:20]} 19. h4 {[%clk 00:51:12] [%emt 00:02:00]} a5 {[%clk
01:00:14] [%emt 00:05:43]} 20. Nxd5+ {[%clk 00:43:53] [%emt 00:07:49]} Rxd5
{[%clk 00:59:52] [%emt 00:00:51]} 21. Rc5 {[%clk 00:44:09] [%emt 00:00:14]} Rd6
{[%clk 00:56:59] [%emt 00:03:23]} 22. Rac1 {[%clk 00:41:11] [%emt 00:03:28]}
Rde6 {[%clk 00:43:37] [%emt 00:13:52]} 23. Nf4 {[%clk 00:39:57] [%emt 00:01:44]}
Re5 {[%clk 00:43:56] [%emt 00:00:11]} 24. Rxe5 {[%clk 00:38:09] [%emt 00:02:18]}
Rxe5 {[%clk 00:44:21] [%emt 00:00:05]} 25. Nd3 {[%clk 00:33:22] [%emt 00:05:17]}
Re7 {[%clk 00:39:38] [%emt 00:05:13]} 26. Rc5 {[%clk 00:31:32] [%emt 00:02:19]}
b6 {[%clk 00:35:37] [%emt 00:04:31]} 27. Rb5 {[%clk 00:30:50] [%emt 00:01:13]}
Na7 {[%clk 00:33:34] [%emt 00:02:34]} 28. Rf5 {[%clk 00:30:53] [%emt 00:00:26]}
Nc6 {[%clk 00:30:41] [%emt 00:03:22]} 29. h5 {[%clk 00:28:44] [%emt 00:02:39]}
Kd6 {[%clk 00:21:33] [%emt 00:09:40]} 30. Rb5 {[%clk 00:23:53] [%emt 00:05:20]}
Rb7 {[%clk 00:18:25] [%emt 00:03:38]} 31. Nf4 {[%clk 00:18:34] [%emt 00:05:49]}
Ne7 {[%clk 00:17:22] [%emt 00:01:33]} 32. Kd3 {[%clk 00:14:52] [%emt 00:04:12]}
Kc6 {[%clk 00:16:37] [%emt 00:01:15]} 33. a4 {[%clk 00:10:01] [%emt 00:05:21]}
Rd7 {[%clk 00:15:47] [%emt 00:01:20]} 34. b4 {[%clk 00:10:20] [%emt 00:00:11]}
axb4 {[%clk 00:04:46] [%emt 00:11:32]} 35. Rxb4 {[%clk 00:10:35] [%emt
00:00:15]} Nf5 {[%clk 00:04:24] [%emt 00:00:52]} 36. g4 {[%clk 00:10:18] [%emt
00:00:47]} Nd6 {[%clk 00:04:50] [%emt 00:00:04]} 37. Rxd4 {[%clk 00:09:40] [%emt
00:01:08]} b5 {[%clk 00:04:40] [%emt 00:00:40]} 38. axb5+ {[%clk 00:07:33] [%emt
00:02:37]} Nxb5 {[%clk 00:05:05] [%emt 00:00:06]} 39. Rxd7 {[%clk 00:07:56]
[%emt 00:00:07]} Kxd7 {[%clk 00:05:33] [%emt 00:00:02]} 40. Ke4 {[%clk 00:06:58]
[%emt 00:01:28]} Kd6 {[%clk 00:04:42] [%emt 00:01:21]} 41. e3 {[%clk 00:02:42]
[%emt 00:04:46]} Nc3+ {[%clk 00:03:58] [%emt 00:01:14]} 42. Kd3 {[%clk 00:29:55]
[%emt 00:03:16]} Na4 {[%clk 00:31:31] [%emt 00:02:58]} 43. Kd4 {[%clk 00:25:39]
[%emt 00:04:46]} Nc5 {[%clk 00:30:48] [%emt 00:01:13]} 44. e4 {[%clk 00:22:34]
[%emt 00:03:35]} Nd7 {[%clk 00:27:58] [%emt 00:03:20]} 45. Nd3 {[%clk 00:22:29]
[%emt 00:00:35]} Ke7 {[%clk 00:25:35] [%emt 00:02:53]} 46. Ne5 {[%clk 00:18:44]
[%emt 00:04:15]} Nf8 {[%clk 00:22:29] [%emt 00:03:36]} 47. f4 {[%clk 00:14:16]
[%emt 00:04:58]} Ne6+ {[%clk 00:22:30] [%emt 00:00:29]} 48. Ke3 {[%clk 00:14:40]
[%emt 00:00:06]} f6 {[%clk 00:17:58] [%emt 00:05:02]} 49. Nc6+ {[%clk 00:14:48]
[%emt 00:00:22]} Kf7 {[%clk 00:18:11] [%emt 00:00:17]} 50. Nd4 {[%clk 00:14:40]
[%emt 00:00:38]} Nc5 {[%clk 00:18:37] [%emt 00:00:05]} 51. Nf5 {[%clk 00:12:05]
[%emt 00:03:04]} Ne6 {[%clk 00:17:02] [%emt 00:02:05]} 52. e5 {[%clk 00:10:27]
[%emt 00:02:09]} Nf8 {[%clk 00:11:49] [%emt 00:05:43]} 53. Ke4 {[%clk 00:08:44]
[%emt 00:02:13]} g6 {[%clk 00:06:33] [%emt 00:05:46]} 54. Nd4 {[%clk 00:03:24]
[%emt 00:05:50]} fxe5 {[%clk 00:05:57] [%emt 00:01:05]} 55. fxe5 {[%clk
00:03:50] [%emt 00:00:04]} Nh7 {[%clk 00:02:29] [%emt 00:03:58]} 56. Nf3 {[%clk
00:03:01] [%emt 00:01:19]} Nf8 {[%clk 00:02:23] [%emt 00:00:37]} 57. Kd5 {[%clk
00:03:09] [%emt 00:00:21]} gxh5 {[%clk 00:02:22] [%emt 00:00:31]} 58. gxh5
{[%clk 00:03:36] [%emt 00:00:03]} Ne6 {[%clk 00:02:42] [%emt 00:00:10]} 59. Kd6
{[%clk 00:03:25] [%emt 00:00:41]} Nf4 {[%clk 00:02:51] [%emt 00:00:21]} 60. Kd7
{[%clk 00:02:52] [%emt 00:01:03]} Nxh5 {[%clk 00:03:10] [%emt 00:00:11]} 61. e6
{[%clk 00:03:13] [%emt 00:00:10]} Kf6 {[%clk 00:01:48] [%emt 00:01:52]} 62. e7
{[%clk 00:03:34] [%emt 00:00:08]} Ng7 {[%clk 00:02:17] [%emt 00:00:01]} 63. Nd4
{[%clk 00:03:44] [%emt 00:00:21]} Ke5 {[%clk 00:01:26] [%emt 00:01:21]} 64. Ne6
{[%clk 00:03:49] [%emt 00:00:24]} Nh5 {[%clk 00:01:51] [%emt 00:00:04]} 65. Kd8
{[%clk 00:03:51] [%emt 00:00:28]} Nf6 {[%clk 00:01:27] [%emt 00:00:54]} 66. Nc5
{[%clk 00:03:04] [%emt 00:01:18]} 1-0

[Site "Europe Echecs"]

[Event "Grand Swiss - Femmes"]
[Date "2025.09.15"]
[White "Beydullayeva, Govhar"]
[Black "Arabidze, Meri"]
[WhiteElo "2368"]
[BlackElo "2444"]
[Round "11.11.21"]
[Result "1/2-1/2"]

1. d4 {[%clk 01:30:57] [%emt 00:00:03]} Nf6 {[%clk 01:30:54] [%emt 00:00:06]} 2.
Nf3 {[%clk 01:31:23] [%emt 00:00:05]} d5 {[%clk 01:30:52] [%emt 00:00:31]} 3.
Bf4 {[%clk 01:31:48] [%emt 00:00:05]} e6 {[%clk 01:30:29] [%emt 00:00:53]} 4. e3
{[%clk 01:32:10] [%emt 00:00:08]} c5 {[%clk 01:30:13] [%emt 00:00:45]} 5. Nbd2
{[%clk 01:31:43] [%emt 00:00:58]} Nc6 {[%clk 01:30:34] [%emt 00:00:09]} 6. c3
{[%clk 01:32:04] [%emt 00:00:09]} Nh5 {[%clk 01:27:56] [%emt 00:03:07]} 7. Bg5
{[%clk 01:32:26] [%emt 00:00:09]} f6 {[%clk 01:28:19] [%emt 00:00:06]} 8. Bh4
{[%clk 01:32:53] [%emt 00:00:04]} g6 {[%clk 01:28:00] [%emt 00:00:49]} 9. Rc1
{[%clk 01:33:09] [%emt 00:00:14]} cxd4 {[%clk 01:24:44] [%emt 00:03:46]} 10.
cxd4 {[%clk 01:33:23] [%emt 00:00:16]} Ng7 {[%clk 01:23:11] [%emt 00:02:03]} 11.
Ne5 {[%clk 01:23:26] [%emt 00:10:27]} Nf5 {[%clk 01:16:34] [%emt 00:07:07]} 12.
Nxc6 {[%clk 01:23:42] [%emt 00:00:15]} bxc6 {[%clk 01:16:56] [%emt 00:00:07]}
13. Bg3 {[%clk 01:23:23] [%emt 00:00:49]} Bd7 {[%clk 01:16:48] [%emt 00:00:38]}
14. Bd3 {[%clk 01:20:19] [%emt 00:03:34]} Kf7 {[%clk 01:09:55] [%emt 00:07:22]}
15. Bxf5 {[%clk 01:12:35] [%emt 00:08:15]} exf5 {[%clk 01:10:16] [%emt
00:00:09]} 16. O-O {[%clk 01:09:59] [%emt 00:03:06]} h5 {[%clk 01:01:42] [%emt
00:09:03]} 17. h4 {[%clk 01:08:17] [%emt 00:02:12]} Rh7 {[%clk 00:55:54] [%emt
00:06:18]} 18. Nb3 {[%clk 00:55:12] [%emt 00:13:36]} Kg8 {[%clk 00:55:32] [%emt
00:00:51]} 19. Rc2 {[%clk 00:52:40] [%emt 00:03:03]} Be8 {[%clk 00:52:47] [%emt
00:03:14]} 20. Nc1 {[%clk 00:52:50] [%emt 00:00:20]} Qe7 {[%clk 00:50:16] [%emt
00:03:01]} 21. Nd3 {[%clk 00:51:18] [%emt 00:02:02]} Qe4 {[%clk 00:45:08] [%emt
00:05:39]} 22. Re1 {[%clk 00:42:42] [%emt 00:09:06]} Qe6 {[%clk 00:45:22] [%emt
00:00:15]} 23. Qd2 {[%clk 00:39:14] [%emt 00:03:59]} Rg7 {[%clk 00:41:35] [%emt
00:04:16]} 24. Rec1 {[%clk 00:38:01] [%emt 00:01:44]} g5 {[%clk 00:24:21] [%emt
00:17:44]} 25. hxg5 {[%clk 00:32:13] [%emt 00:06:18]} fxg5 {[%clk 00:24:40]
[%emt 00:00:11]} 26. Be5 {[%clk 00:31:06] [%emt 00:01:37]} Rh7 {[%clk 00:23:03]
[%emt 00:02:06]} 27. e4 {[%clk 00:27:53] [%emt 00:03:44]} f4 {[%clk 00:21:02]
[%emt 00:02:30]} 28. exd5 {[%clk 00:26:51] [%emt 00:01:33]} Qxd5 {[%clk
00:18:06] [%emt 00:03:26]} 29. Nb4 {[%clk 00:23:17] [%emt 00:04:04]} Qe6 {[%clk
00:11:31] [%emt 00:07:04]} 30. Nxc6 {[%clk 00:19:01] [%emt 00:04:47]} Qf5 {[%clk
00:11:38] [%emt 00:00:22]} 31. Re1 {[%clk 00:16:37] [%emt 00:02:54]} h4 {[%clk
00:06:19] [%emt 00:05:50]} 32. d5 {[%clk 00:13:35] [%emt 00:03:32]} h3 {[%clk
00:06:42] [%emt 00:00:06]} 33. Nd4 {[%clk 00:13:25] [%emt 00:00:41]} Qf7 {[%clk
00:06:28] [%emt 00:00:44]} 34. Ne6 {[%clk 00:06:16] [%emt 00:07:39]} hxg2 {[%clk
00:06:33] [%emt 00:00:25]} 35. f3 {[%clk 00:06:41] [%emt 00:00:05]} Qf5 {[%clk
00:01:44] [%emt 00:05:19]} 36. Qxg2 {[%clk 00:06:00] [%emt 00:01:11]} Bg6 {[%clk
00:02:13]} 37. Rc6 {[%clk 00:05:54] [%emt 00:00:37]} Bb4 {[%clk 00:01:24] [%emt
00:01:19]} 38. Re4 {[%clk 00:05:04] [%emt 00:01:20]} Be8 {[%clk 00:00:41] [%emt
00:01:13]} 39. Rc1 {[%clk 00:02:44] [%emt 00:02:50]} Be7 {[%clk 00:00:43] [%emt
00:00:28]} 40. Nxf4 {[%clk 00:00:54] [%emt 00:02:20]} Rh4 {[%clk 00:00:33] [%emt
00:00:39]} 41. Nd3 {[%clk 00:21:53] [%emt 00:09:31]} Rh3 {[%clk 00:27:14] [%emt
00:03:48]} 42. Nf4 {[%clk 00:19:08] [%emt 00:03:15]} Rh4 {[%clk 00:27:06] [%emt
00:00:38]} 43. Rc7 {[%clk 00:16:53] [%emt 00:02:45]} Rh7 {[%clk 00:17:50] [%emt
00:09:46]} 44. Ne6 {[%clk 00:15:12] [%emt 00:02:11]} Bg6 {[%clk 00:14:55] [%emt
00:03:24]} 45. Qg4 {[%clk 00:10:22] [%emt 00:05:21]} Re8 {[%clk 00:09:38] [%emt
00:05:47]} 46. Qxf5 {[%clk 00:10:03] [%emt 00:00:50]} Bxf5 {[%clk 00:10:06]
[%emt 00:00:02]} 47. Re2 {[%clk 00:08:30] [%emt 00:02:03]} Bd8 {[%clk 00:04:13]
[%emt 00:06:22]} 48. Rxh7 {[%clk 00:08:54] [%emt 00:00:06]} Bxh7 {[%clk
00:01:05] [%emt 00:03:39]} 49. Nxd8 {[%clk 00:07:37] [%emt 00:01:47]} Rxd8
{[%clk 00:01:28] [%emt 00:00:07]} 50. d6 {[%clk 00:07:30] [%emt 00:00:37]} Kf7
{[%clk 00:01:39] [%emt 00:00:19]} 51. Bg3 {[%clk 00:06:14] [%emt 00:01:47]} Rd7
{[%clk 00:01:44] [%emt 00:00:25]} 52. Rd2 {[%clk 00:04:34] [%emt 00:02:09]} Ke6
{[%clk 00:01:53] [%emt 00:00:21]} 53. Rd4 {[%clk 00:04:52] [%emt 00:00:13]} Bb1
{[%clk 00:01:47] [%emt 00:00:36]} 54. Ra4 {[%clk 00:04:39] [%emt 00:00:43]} Rf7
{[%clk 00:01:21] [%emt 00:00:55]} 55. Kg2 {[%clk 00:04:25] [%emt 00:00:44]} Bc2
{[%clk 00:01:29] [%emt 00:00:22]} 56. Ra6 {[%clk 00:04:28] [%emt 00:00:28]} Bd1
{[%clk 00:00:43] [%emt 00:01:15]} 57. d7+ {[%clk 00:04:38] [%emt 00:00:21]} Ke7
{[%clk 00:01:05] [%emt 00:00:08]} 58. Rxa7 {[%clk 00:03:30] [%emt 00:01:38]}
Bxf3+ {[%clk 00:01:23] [%emt 00:00:12]} 59. Kg1 {[%clk 00:03:45] [%emt
00:00:15]} Kd8 {[%clk 00:00:47] [%emt 00:01:05]} 60. Ra3 {[%clk 00:00:38] [%emt
00:03:37]} g4 {[%clk 00:00:45] [%emt 00:00:33]} 61. b4 {[%clk 00:00:41] [%emt
00:00:27]} Rxd7 {[%clk 00:00:53] [%emt 00:00:22]} 62. Bh4+ {[%clk 00:00:51]
[%emt 00:00:20]} Kc8 {[%clk 00:01:08] [%emt 00:00:15]} 63. Kf2 {[%clk 00:01:00]
[%emt 00:00:20]} Rd2+ {[%clk 00:01:13] [%emt 00:00:25]} 64. Kg3 {[%clk 00:01:04]
[%emt 00:00:26]} Kb7 {[%clk 00:00:52] [%emt 00:00:51]} 65. Ra5 {[%clk 00:00:48]
[%emt 00:00:46]} Rd5 {[%clk 00:00:51] [%emt 00:00:31]} 66. Ra3 {[%clk 00:00:58]
[%emt 00:00:21]} Rd2 {[%clk 00:01:16] [%emt 00:00:04]} 67. Ra5 {[%clk 00:00:52]
[%emt 00:00:36]} Rd5 {[%clk 00:01:45]} 68. Ra3 {[%clk 00:00:38] [%emt 00:00:44]}
Rd2 {[%clk 00:02:13] [%emt 00:00:02]} 69. Ra5 {[%clk 00:00:52] [%emt 00:00:15]}
1/2-1/2

[Site "Europe Echecs"]